[Event "DVM U20w 2020"]
[Site "Willingen GER"]
[Date "2021.06.26"]
[Round "5"]
[White "Rempe, Mieke"]
[Black "Falke, Ornella"]
[Result "0-1"]
[Termination "normal"]
[Board "5.2"]
[WhiteElo "1669"]
[BlackElo "1566"]
[WhiteClock "00:53:48"]
[BlackClock "00:24:21"]
[WhiteTeam "SK Doppelbauer Kiel"]
[BlackTeam "Elmshorner SC von 1896"]
[PlyCount "34"]
[WhiteFideId "16202384"]
[BlackFideId "16207092"]
[EventCountry "GER"]
[EventRounds "7"]
[EventType "team-swiss"]
[EventDate "2021.06.23"]

1. e4 {[%clk 01:30:55]} {[%emt 00:00:04]} c5 {[%clk 01:30:55]} {[%emt
00:00:05]} 2. Nf3 {[%clk 01:31:12]} {[%emt 00:00:13]} d6 {[%clk 01:31:16]}
{[%emt 00:00:10]} 3. d4 {[%clk 01:31:20]} {[%emt 00:00:24]} cxd4 {[%clk
01:31:36]} {[%emt 00:00:08]} 4. Nxd4 {[%clk 01:31:27]} {[%emt 00:00:23]} Nf6
{[%clk 01:31:56]} {[%emt 00:00:10]} 5. Nc3 {[%clk 01:31:29]} {[%emt 00:00:28]}
g6 {[%clk 01:32:18]} {[%emt 00:00:08]} 6. Bc4 {[%clk 01:31:06]} {[%emt
00:00:53]} Bg7 {[%clk 01:32:24]} {[%emt 00:00:25]} 7. O-O {[%clk 01:31:28]}
{[%emt 00:00:07]} O-O {[%clk 01:31:58]} {[%emt 00:00:57]} 8. h3 {[%clk
01:29:41]} {[%emt 00:02:17]} Nc6 {[%clk 01:31:14]} {[%emt 00:01:13]} 9. Nxc6
{[%clk 01:25:56]} {[%emt 00:04:15]} bxc6 {[%clk 01:31:28]} {[%emt 00:00:17]}
10. Be3 {[%clk 01:22:07]} {[%emt 00:04:19]} Qa5 {[%clk 01:19:28]} {[%emt
00:12:30]} 11. Bb3 {[%clk 01:17:09]} {[%emt 00:05:27]} Ba6 {[%clk 01:05:48]}
{[%emt 00:14:11]} 12. Re1 {[%clk 01:16:27]} {[%emt 00:01:11]} Rfd8 {[%clk
01:04:49]} {[%emt 00:01:29]} 13. Qf3 {[%clk 01:13:23]} {[%emt 00:03:34]} e6
{[%clk 00:47:44]} {[%emt 00:17:36]} 14. e5 {[%clk 01:10:41]} {[%emt 00:03:12]}
Nd7 {[%clk 00:38:51]} {[%emt 00:09:23]} 15. exd6 {[%clk 00:57:38]} {[%emt
00:13:32]} Ne5 {[%clk 00:31:56]} {[%emt 00:07:25]} 16. Qf4 {[%clk 00:54:43]}
{[%emt 00:03:25]} Rxd6 {[%clk 00:24:23]} {[%emt 00:08:03]} 17. Bd4 {[%clk
00:53:48]} {[%emt 00:01:25]} Rxd4 {[%clk 00:24:21]} {[%emt 00:00:32]} 0-1

[Event "DVM U20w 2020"]
[Site "Willingen GER"]
[Date "2021.06.26"]
[Round "5"]
[White "Margaryan, Susanna"]
[Black "Rempe, Janne"]
[Result "1-0"]
[Termination "normal"]
[Board "5.3"]
[WhiteElo "1468"]
[BlackElo "1513"]
[WhiteClock "00:15:07"]
[BlackClock "00:16:23"]
[WhiteTeam "Elmshorner SC von 1896"]
[BlackTeam "SK Doppelbauer Kiel"]
[PlyCount "61"]
[WhiteFideId "16268210"]
[BlackFideId "16202392"]
[EventCountry "GER"]
[EventRounds "7"]
[EventType "team-swiss"]
[EventDate "2021.06.23"]

1. d4 {[%clk 01:30:53]} {[%emt 00:00:07]} d6 {[%clk 01:30:46]} {[%emt
00:00:14]} 2. c4 {[%clk 01:31:06]} {[%emt 00:00:18]} Nf6 {[%clk 01:30:24]}
{[%emt 00:00:52]} 3. Nf3 {[%clk 01:31:16]} {[%emt 00:00:20]} Nbd7 {[%clk
01:30:23]} {[%emt 00:00:31]} 4. Nc3 {[%clk 01:31:06]} {[%emt 00:00:40]} e5
{[%clk 01:29:48]} {[%emt 00:01:05]} 5. e4 {[%clk 01:30:23]} {[%emt 00:01:13]}
c6 {[%clk 01:29:09]} {[%emt 00:01:10]} 6. Qc2 {[%clk 01:29:06]} {[%emt
00:01:46]} Qc7 {[%clk 01:27:15]} {[%emt 00:02:23]} 7. Be2 {[%clk 01:27:25]}
{[%emt 00:02:12]} Be7 {[%clk 01:26:41]} {[%emt 00:01:04]} 8. O-O {[%clk
01:26:24]} {[%emt 00:01:31]} Nf8 {[%clk 01:25:44]} {[%emt 00:01:26]} 9. h3
{[%clk 01:21:00]} {[%emt 00:05:54]} h6 {[%clk 01:24:13]} {[%emt 00:02:02]} 10.
Be3 {[%clk 01:19:30]} {[%emt 00:01:59]} g5 {[%clk 01:23:29]} {[%emt 00:01:15]}
11. Ne1 {[%clk 01:13:58]} {[%emt 00:06:02]} g4 {[%clk 01:20:46]} {[%emt
00:03:13]} 12. hxg4 {[%clk 01:12:15]} {[%emt 00:02:13]} Nxg4 {[%clk 01:18:05]}
{[%emt 00:03:11]} 13. Bxg4 {[%clk 01:08:21]} {[%emt 00:04:24]} Bxg4 {[%clk
01:18:26]} {[%emt 00:00:09]} 14. f3 {[%clk 01:04:41]} {[%emt 00:04:11]} Bd7
{[%clk 01:17:11]} {[%emt 00:01:44]} 15. d5 {[%clk 01:03:50]} {[%emt 00:01:22]}
h5 {[%clk 01:15:02]} {[%emt 00:02:38]} 16. Kf2 {[%clk 00:56:43]} {[%emt
00:07:37]} h4 {[%clk 01:09:47]} {[%emt 00:05:46]} 17. Rh1 {[%clk 00:55:06]}
{[%emt 00:02:06]} h3 {[%clk 00:59:50]} {[%emt 00:10:27]} 18. g3 {[%clk
00:42:24]} {[%emt 00:13:13]} O-O-O {[%clk 00:53:11]} {[%emt 00:07:06]} 19. b4
{[%clk 00:37:43]} {[%emt 00:05:12]} Nh7 {[%clk 00:49:28]} {[%emt 00:04:14]} 20.
a4 {[%clk 00:34:50]} {[%emt 00:03:24]} Rdf8 {[%clk 00:46:38]} {[%emt 00:03:18]}
21. a5 {[%clk 00:31:34]} {[%emt 00:03:47]} Kb8 {[%clk 00:43:11]} {[%emt
00:03:56]} 22. dxc6 {[%clk 00:27:15]} {[%emt 00:04:49]} Qxc6 {[%clk 00:40:08]}
{[%emt 00:03:34]} 23. Nd5 {[%clk 00:24:40]} {[%emt 00:03:06]} Bg5 {[%clk
00:39:07]} {[%emt 00:01:30]} 24. f4 {[%clk 00:19:44]} {[%emt 00:05:26]} exf4
{[%clk 00:38:27]} {[%emt 00:01:11]} 25. gxf4 {[%clk 00:19:57]} {[%emt
00:00:16]} Bh4+ {[%clk 00:36:59]} {[%emt 00:01:57]} 26. Kf1 {[%clk 00:18:05]}
{[%emt 00:02:23]} Rhg8 {[%clk 00:25:59]} {[%emt 00:11:31]} 27. b5 {[%clk
00:17:56]} {[%emt 00:00:38]} Qc8 {[%clk 00:25:42]} {[%emt 00:00:46]} 28. a6
{[%clk 00:16:37]} {[%emt 00:01:49]} b6 {[%clk 00:21:00]} {[%emt 00:05:12]} 29.
Bxb6 {[%clk 00:15:50]} {[%emt 00:01:17]} Bxb5 {[%clk 00:15:55]} {[%emt
00:05:35]} 30. Bc7+ {[%clk 00:14:58]} {[%emt 00:01:23]} Ka8 {[%clk 00:16:23]}
{[%emt 00:00:02]} 31. cxb5 {[%clk 00:15:07]} {[%emt 00:00:20]} 1-0

[Event "DVM U20w 2020"]
[Site "Willingen GER"]
[Date "2021.06.26"]
[Round "5"]
[White "Malinowsky, Celina"]
[Black "Neitzel, Emma"]
[Result "1-0"]
[Termination "normal"]
[Board "5.4"]
[WhiteElo "1372"]
[BlackElo "1029"]
[WhiteClock "00:57:08"]
[BlackClock "00:35:52"]
[WhiteTeam "SK Doppelbauer Kiel"]
[BlackTeam "Elmshorner SC von 1896"]
[PlyCount "71"]
[WhiteFideId "16266986"]
[BlackFideId "16298373"]
[EventCountry "GER"]
[EventRounds "7"]
[EventType "team-swiss"]
[EventDate "2021.06.23"]

1. Nf3 {[%clk 01:30:56]} {[%emt 00:00:04]} d5 {[%clk 01:29:33]} {[%emt
00:01:26]} 2. g3 {[%clk 01:31:14]} {[%emt 00:00:13]} Nf6 {[%clk 01:29:14]}
{[%emt 00:00:48]} 3. Bg2 {[%clk 01:31:25]} {[%emt 00:00:20]} g6 {[%clk
01:29:23]} {[%emt 00:00:19]} 4. O-O {[%clk 01:31:26]} {[%emt 00:00:31]} Bg7
{[%clk 01:29:04]} {[%emt 00:00:47]} 5. d3 {[%clk 01:31:40]} {[%emt 00:00:18]}
O-O {[%clk 01:28:07]} {[%emt 00:01:26]} 6. Nbd2 {[%clk 01:31:50]} {[%emt
00:00:21]} Nc6 {[%clk 01:26:20]} {[%emt 00:02:16]} 7. Re1 {[%clk 01:31:35]}
{[%emt 00:00:47]} b6 {[%clk 01:20:49]} {[%emt 00:05:59]} 8. e4 {[%clk
01:31:06]} {[%emt 00:01:00]} dxe4 {[%clk 01:18:34]} {[%emt 00:02:43]} 9. dxe4
{[%clk 01:29:45]} {[%emt 00:01:53]} Bb7 {[%clk 01:14:27]} {[%emt 00:04:34]} 10.
Qe2 {[%clk 01:27:12]} {[%emt 00:03:06]} e5 {[%clk 01:11:48]} {[%emt 00:03:07]}
11. Nc4 {[%clk 01:24:56]} {[%emt 00:02:48]} Nd4 {[%clk 01:10:02]} {[%emt
00:02:14]} 12. Nxd4 {[%clk 01:23:48]} {[%emt 00:01:40]} Qxd4 {[%clk 01:09:00]}
{[%emt 00:01:29]} 13. Rd1 {[%clk 01:22:50]} {[%emt 00:01:31]} Qc5 {[%clk
01:07:45]} {[%emt 00:01:43]} 14. Be3 {[%clk 01:20:52]} {[%emt 00:02:31]} Qe7
{[%clk 01:07:04]} {[%emt 00:01:08]} 15. Bd2 {[%clk 01:18:07]} {[%emt 00:03:16]}
Rfd8 {[%clk 00:59:52]} {[%emt 00:07:41]} 16. Bc3 {[%clk 01:17:48]} {[%emt
00:00:51]} Rxd1+ {[%clk 00:58:57]} {[%emt 00:01:25]} 17. Rxd1 {[%clk 01:18:09]}
{[%emt 00:00:10]} Ba6 {[%clk 00:58:20]} {[%emt 00:01:04]} 18. Qd3 {[%clk
01:04:40]} {[%emt 00:14:01]} Bxc4 {[%clk 00:54:59]} {[%emt 00:03:51]} 19. Qxc4
{[%clk 01:04:58]} {[%emt 00:00:12]} Re8 {[%clk 00:51:30]} {[%emt 00:03:55]} 20.
Bh3 {[%clk 01:01:38]} {[%emt 00:03:53]} Rd8 {[%clk 00:48:41]} {[%emt 00:03:17]}
21. Rxd8+ {[%clk 01:01:11]} {[%emt 00:01:00]} Qxd8 {[%clk 00:48:51]} {[%emt
00:00:19]} 22. Bxe5 {[%clk 01:00:53]} {[%emt 00:00:49]} Qd1+ {[%clk 00:47:45]}
{[%emt 00:01:35]} 23. Kg2 {[%clk 01:00:51]} {[%emt 00:00:33]} c5 {[%clk
00:44:22]} {[%emt 00:03:52]} 24. Qd3 {[%clk 00:59:59]} {[%emt 00:01:23]} Qxd3
{[%clk 00:43:31]} {[%emt 00:01:21]} 25. cxd3 {[%clk 01:00:24]} {[%emt
00:00:06]} Ne8 {[%clk 00:43:21]} {[%emt 00:00:37]} 26. Bxg7 {[%clk 01:00:14]}
{[%emt 00:00:42]} Kxg7 {[%clk 00:43:36]} {[%emt 00:00:14]} 27. Kf3 {[%clk
01:00:11]} {[%emt 00:00:34]} Kf6 {[%clk 00:43:48]} {[%emt 00:00:17]} 28. Ke3
{[%clk 01:00:27]} {[%emt 00:00:15]} h5 {[%clk 00:43:42]} {[%emt 00:00:33]} 29.
d4 {[%clk 00:59:45]} {[%emt 00:01:15]} cxd4+ {[%clk 00:43:02]} {[%emt
00:01:10]} 30. Kxd4 {[%clk 01:00:06]} {[%emt 00:00:08]} Ke7 {[%clk 00:42:49]}
{[%emt 00:00:42]} 31. Kd5 {[%clk 01:00:12]} {[%emt 00:00:25]} Nd6 {[%clk
00:41:46]} {[%emt 00:01:33]} 32. e5 {[%clk 00:59:10]} {[%emt 00:01:34]} Nb7
{[%clk 00:40:41]} {[%emt 00:01:32]} 33. Kc6 {[%clk 00:59:00]} {[%emt 00:00:43]}
Nd8+ {[%clk 00:40:43]} {[%emt 00:00:27]} 34. Kb5 {[%clk 00:59:11]} {[%emt
00:00:20]} f5 {[%clk 00:35:52]} {[%emt 00:05:18]} 35. Bg2 {[%clk 00:57:08]}
{[%emt 00:02:35]} Ke6 {[%emt 00:00:46]} 36. f4 {[%emt 00:00:10]} 1-0

[Event "DVM U20w 2020"]
[Site "Willingen GER"]
[Date "2021.06.26"]
[Round "5"]
[White "Sickmann, Lisa"]
[Black "Ley, Sabrina"]
[Result "0-1"]
[Termination "normal"]
[Board "6.1"]
[WhiteElo "1510"]
[BlackElo "1866"]
[WhiteTeam "Lübecker SV von 1873"]
[BlackTeam "SC Landskrone"]
[PlyCount "72"]
[WhiteFideId "16267818"]
[BlackFideId "12938130"]
[EventCountry "GER"]
[EventRounds "7"]
[EventType "team-swiss"]
[EventDate "2021.06.23"]

{[%evp 0,72,24,24,75,79,82,40,46,45,91,73,74,42,30,17,20,15,22,24,19,29,36,-1,
84,71,120,32,9,-254,-280,-330,-346,-345,-345,-339,-335,-353,-302,-297,-298,
-378,-378,-378,-354,-399,-408,-412,-420,-411,-423,-423,-415,-463,-477,-484,
-488,-537,-555,-562,-569,-574,-540,-584,-625,-639,-627,-812,-805,-981,-1032,
-1374,-917,-1798,-1919] normal} 1. e4 d6 2. d4 g6 3. f4 Bg7 4. Nf3 a6 5. Nc3 b5
6. a3 Bb7 7. Be2 Nd7 8. O-O e6 9. Be3 Ne7 10. Qd2 O-O 11. b4 c5 12. dxc5 dxc5
13. Rad1 Bc6 14. Bxc5 Nxc5 15. bxc5 Qxd2 16. Rxd2 Bxc3 17. Rd3 Bg7 18. e5 Nd5
19. Nd4 Rac8 20. g3 Ba8 21. Nb3 Rfd8 22. Bf3 Bf8 23. Kf2 Bxc5+ 24. Nxc5 Rxc5
25. Rc1 Rdc8 26. Rd2 Rc3 27. Be4 Rxa3 28. Bxd5 Bxd5 29. Ke2 a5 30. Rd4 Rc4 31.
Rd2 b4 32. Rb1 Rac3 33. Rb2 a4 34. Kd1 a3 35. Rb1 Bf3+ 36. Kc1 b3 0-1

[Event "DVM U20w 2020"]
[Site "Willingen GER"]
[Date "2021.06.26"]
[Round "5"]
[White "Kalina, Lena"]
[Black "Schmidt, Antonia"]
[Result "1-0"]
[Termination "normal"]
[Board "6.2"]
[WhiteElo "1585"]
[BlackElo "1458"]
[WhiteTeam "SC Landskrone"]
[BlackTeam "Lübecker SV von 1873"]
[PlyCount "59"]
[WhiteFideId "12988014"]
[BlackFideId "16291280"]
[EventCountry "GER"]
[EventRounds "7"]
[EventType "team-swiss"]
[EventDate "2021.06.23"]

{[%evp 0,59,20,0,17,2,31,24,31,13,11,29,29,26,41,41,60,30,12,-4,27,27,75,36,46,
25,75,40,92,54,75,34,105,103,88,88,76,83,83,93,352,366,375,444,570,367,439,409,
699,571,697,661,660,649,664,664,770,795,873,646,944,888] normal} 1. d4 Nf6 2.
c4 g6 3. Nf3 Bg7 4. g3 d6 5. Bg2 O-O 6. Nc3 Nbd7 7. O-O e5 8. h3 exd4 9. Nxd4
Ne5 10. b3 Rb8 11. Bb2 Bd7 12. Rc1 Nh5 13. e4 Qc8 14. Kh2 Nf6 15. Qe2 h5 16. f4
Neg4+ 17. hxg4 Nxg4+ 18. Kh1 Bxd4 19. Nd5 Qd8 20. Bxd4 h4 21. f5 Ne5 22. Bxe5
dxe5 23. Qg4 g5 24. gxh4 f6 25. hxg5 fxg5 26. Qg3 Rf7 27. f6 Rh7+ 28. Kg1 Kf7
29. Qxe5 Qh8 30. Qxc7 1-0

[Event "DVM U20w 2020"]
[Site "Willingen GER"]
[Date "2021.06.26"]
[Round "5"]
[White "Gossing, Marie-Sophie"]
[Black "Müller, Riyanna"]
[Result "1/2-1/2"]
[Termination "normal"]
[Board "6.3"]
[WhiteElo "1269"]
[BlackElo "1419"]
[WhiteTeam "Lübecker SV von 1873"]
[BlackTeam "SC Landskrone"]
[PlyCount "59"]
[WhiteFideId "16217284"]
[BlackFideId "16287401"]
[EventCountry "GER"]
[EventRounds "7"]
[EventType "team-swiss"]
[EventDate "2021.06.23"]

{[%evp 0,59,24,15,15,15,15,3,3,3,43,44,44,43,60,28,28,6,7,15,4,-5,8,8,14,13,7,
-3,7,-120,9,15,20,20,20,27,42,60,517,507,505,504,586,594,616,567,583,605,623,
489,515,226,226,252,278,231,252,232,267,229,236,236] normal} 1. e4 e5 2. Nf3
Nc6 3. d4 exd4 4. Nxd4 Bc5 5. Be3 Qf6 6. c3 Nge7 7. Bc4 O-O 8. O-O d6 9. Nxc6
Nxc6 10. Bxc5 dxc5 11. f4 Be6 12. Bb5 Rfd8 13. Qc2 Bd7 14. Nd2 a6 15. e5 Qh6
16. Bd3 Be6 17. Rae1 Bd5 18. Re3 Rd7 19. Rh3 Qxh3 20. gxh3 Rad8 21. Bxh7+ Kh8
22. Be4 Be6 23. Nb3 c4 24. Bxc6 cxb3 25. Qg2 bxc6 26. axb3 Rd2 27. Rf2 Rd1+ 28.
Rf1 R1d2 29. Rf2 Rd1+ 30. Rf1 1/2-1/2

[Event "DVM U20w 2020"]
[Site "Willingen GER"]
[Date "2021.06.26"]
[Round "5"]
[White "Hartmann, Hannah"]
[Black "Hellenbroich, Helene"]
[Result "0-1"]
[Termination "normal"]
[Board "6.4"]
[WhiteElo "1327"]
[BlackElo "1358"]
[WhiteTeam "SC Landskrone"]
[BlackTeam "Lübecker SV von 1873"]
[PlyCount "62"]
[WhiteFideId "16235274"]
[BlackFideId "16270754"]
[EventCountry "GER"]
[EventRounds "7"]
[EventType "team-swiss"]
[EventDate "2021.06.23"]

{[%evp 0,62,24,15,55,32,24,21,21,21,64,59,67,56,82,-2,1,-49,-51,-55,-52,-63,
-55,-48,-7,-17,24,-43,-34,-67,-69,-69,-65,-57,-82,-61,-21,-20,-1,0,-8,-22,37,
42,37,36,68,43,58,49,69,81,42,55,64,64,47,52,61,66,86,-10,60,-29993,-29994]
normal} 1. e4 e6 2. d4 d5 3. exd5 exd5 4. Nc3 c6 5. Bd3 Bd6 6. Nf3 Nf6 7. Bg5
O-O 8. Qd2 Re8+ 9. Ne2 Bg4 10. O-O-O Nbd7 11. h3 Be6 12. Rde1 a5 13. Ng3 Qc7
14. Nf5 Bxf5 15. Bxf5 Ne4 16. Bxe4 dxe4 17. Nh4 h6 18. Be3 Nf6 19. Nf5 Bf8 20.
g4 Kh8 21. Bf4 Qd7 22. Be5 Ng8 23. Re2 f6 24. Bf4 Qd5 25. Kb1 e3 26. Qd1 exf2
27. Rxf2 a4 28. Rhf1 a3 29. b3 Rad8 30. Rd2 Qa5 31. Re1 Qc3 0-1

[Event "DVM U20w 2020"]
[Site "Willingen GER"]
[Date "2021.06.26"]
[Round "5"]
[White "Stelter, Finja"]
[Black "de Veer, Mara"]
[Result "1/2-1/2"]
[Termination "normal"]
[Board "7.1"]
[WhiteElo "1133"]
[BlackElo "1445"]
[WhiteTeam "SK Lehrte von 1919 e. V."]
[BlackTeam "SC Borussia Lichtenberg 2"]
[PlyCount "116"]
[WhiteFideId "16298624"]
[BlackFideId "16217349"]
[EventCountry "GER"]
[EventRounds "7"]
[EventType "team-swiss"]
[EventDate "2021.06.23"]

{[%evp 0,11,19,31,75,66,61,36,36,36,35,48,48,85] normal} 1. e4 c6 2. Nf3 d5 3.
Nc3 dxe4 4. Nxe4 Bf5 5. Ng3 Bg6 6. h4 h6 7. Ne5 Bh7 8. Qh5 g6 9. Bc4 e6 10. Qe2
Qe7 11. d4 Bg7 12. Bf4 Nd7 13. O-O-O O-O-O 14. Ba6 Nxe5 15. Bxe5 Bxe5 16. Qxe5
f6 17. Qe2 bxa6 18. Qxa6+ Qb7 19. Qxb7+ Kxb7 20. Ne4 Kc7 21. Nc5 Re8 22. Rhe1
Kd6 23. Nb7+ Kc7 24. Nc5 g5 25. hxg5 fxg5 26. Nxe6+ Kd6 27. Nc5 Nf6 28. Rxe8
Rxe8 29. Kd2 Ne4+ 30. Nxe4+ Rxe4 31. c3 Re7 32. Rh1 Re6 33. g3 Rf6 34. f4 gxf4
35. gxf4 Kd5 36. Rh5+ Kd6 37. Ke3 Re6+ 38. Re5 Rxe5+ 39. dxe5+ Ke6 40. Kf3 Kf5
41. b4 h5 42. a4 h4 43. b5 cxb5 44. axb5 h3 45. Kg3 h2 46. Kxh2 Kxf4 47. c4
Kxe5 48. c5 Be4 49. Kg3 Ba8 50. Kf2 Kd5 51. c6 Kc5 52. Ke2 Kxb5 53. c7 Bb7 54.
Kd2 Kb4 55. Kc2 Ka3 56. Kb1 Kb3 57. Ka1 Kc2 58. Ka2 a5 1/2-1/2

[Event "DVM U20w 2020"]
[Site "Willingen GER"]
[Date "2021.06.26"]
[Round "5"]
[White "Kampa, Lavinia"]
[Black "Thiele, Lea-Marie"]
[Result "1-0"]
[Termination "normal"]
[Board "7.2"]
[WhiteElo "1436"]
[BlackElo "1263"]
[WhiteTeam "SC Borussia Lichtenberg 2"]
[BlackTeam "SK Lehrte von 1919 e. V."]
[PlyCount "225"]
[WhiteFideId "34606068"]
[BlackFideId "16298616"]
[EventCountry "GER"]
[EventRounds "7"]
[EventType "team-swiss"]
[EventDate "2021.06.23"]

{[%evp 0,183,20,24,47,36,32,22,13,15,21,3,7,-2,47,43,45,28,62,53,104,55,60,26,
75,78,57,78,45,59,135,56,79,35,40,40,20,7,39,37,35,31,80,46,35,35,110,54,130,
126,139,134,131,137,147,149,198,204,198,187,200,196,178,152,176,156,200,160,
171,163,145,174,231,237,237,167,204,208,208,194,195,205,259,257,257,257,272,
288,271,282,254,253,242,209,285,105,119,115,109,109,300,231,239,265,274,175,
184,24,167,1,5,1,52,0,49,49,42,41,36,41,62,39,37,36,45,-13,-13,-13,359,364,371,
378,377,381,389,377,402,389,394,378,395,358,382,395,409,419,429,408,440,405,
409,392,403,368,413,356,409,438,461,465,595,774,774,507,683,794,794,794,794,
794,794,527,537,450,458,464,464,468,475,475,567,804,804,681,1012,517] normal}
1. e4 e6 2. d4 d5 3. exd5 exd5 4. Nf3 Nf6 5. Bg5 Be7 6. Bd3 c6 7. c3 Qc7 8. Qc2
Nbd7 9. O-O O-O 10. Nbd2 Bd6 11. Rfe1 Rd8 12. Re2 b6 13. Rae1 Bb7 14. Ne5 Re8
15. Ndf3 Ne4 16. Nxd7 Qxd7 17. Bxe4 dxe4 18. Rxe4 Rxe4 19. Qxe4 c5 20. Qe3 Rf8
21. Bf4 Bxf4 22. Qxf4 cxd4 23. Qxd4 Qxd4 24. Nxd4 Bd5 25. a3 h6 26. Re7 a5 27.
Rd7 Be4 28. f3 Ba8 29. Rd6 Rb8 30. Kf2 Kf8 31. Rd7 Ke8 32. Rc7 g5 33. Nf5 Bd5
34. Ke3 h5 35. Kd4 Be6 36. Ng7+ Kf8 37. Nxh5 Rd8+ 38. Ke3 Rd5 39. Ng3 Re5+ 40.
Kf2 f5 41. Ne2 b5 42. Nd4 Bc4 43. a4 f4 44. g3 Ke8 45. gxf4 gxf4 46. h4 Rh5 47.
Nc2 Rxh4 48. Kg2 Bb3 49. Nd4 Bxa4 50. b3 Bxb3 51. Nxb3 a4 52. Na1 Rh6 53. Ra7
Rc6 54. Ra5 Rxc3 55. Rxb5 Kd7 56. Rb6 a3 57. Ra6 Kc7 58. Kf2 Kb7 59. Ra4 Kb6
60. Rxf4 Rc1 61. Nb3 Rb1 62. Nd2 a2 63. Ra4 Rb2 64. Ke3 Kb5 65. Ra8 Kb6 66.
Nc4+ Kb7 67. Ra3 Rh2 68. Na5+ Kb6 69. Nb3 Kb5 70. Nc1 a1=Q 71. Rxa1 Rh8 72. Ne2
Re8+ 73. Kf2 Kb4 74. Re1 Kc5 75. Ng3 Ra8 76. Kg2 Kd4 77. Rf1 Ke3 78. f4 Ra2+
79. Kh3 Ra8 80. f5 Kd4 81. Kh4 Ke5 82. f6 Rh8+ 83. Nh5 Ke6 84. Kg5 Rg8+ 85. Kh6
Kf7 86. Kh7 Rg5 87. Kh6 Rg6+ 88. Kh7 Rg5 89. Ng7 Rg4 90. Nf5 Rg2 91. Nd6+ Kf8
92. f7 Rh2+ 93. Kg6 Rg2+ 94. Kf6 Rh2 95. Rg1 Rf2+ 96. Nf5 Rxf5+ 97. Kxf5 Kxf7
98. Ra1 Ke7 99. Rh1 Kd7 100. Rh6 Kc7 101. Ke5 Kb7 102. Kd5 Kc7 103. Rg6 Kb7
104. Kc5 Ka7 105. Kb5 Kb8 106. Rg7 Kc8 107. Kc6 Kd8 108. Ra7 Ke8 109. Kd6 Kf8
110. Ke6 Kg8 111. Kf6 Kh8 112. Kg6 Kg8 113. Ra8# 1-0

[Event "DVM U20w 2020"]
[Site "Willingen GER"]
[Date "2021.06.26"]
[Round "5"]
[White "Daoud, Shahnaz"]
[Black "Kessen, Fanny"]
[Result "0-1"]
[Termination "normal"]
[Board "7.3"]
[WhiteElo "1145"]
[BlackElo "1274"]
[WhiteTeam "SK Lehrte von 1919 e. V."]
[BlackTeam "SC Borussia Lichtenberg 2"]
[PlyCount "52"]
[WhiteFideId "16297750"]
[BlackFideId "16217357"]
[EventCountry "GER"]
[EventRounds "7"]
[EventType "team-swiss"]
[EventDate "2021.06.23"]

{[%evp 0,52,24,24,27,21,21,5,3,10,15,-29,-19,-41,-35,-38,-5,2,28,19,55,-25,-25,
-75,-63,-44,-25,-51,-3,-43,-23,-22,-22,-18,-14,-10,-2,-114,-92,-70,-78,-70,-21,
-30,-35,-198,-204,-498,-515,-525,-524,-546,-555,-593,-513] normal} 1. d4 d5 2.
Nf3 e6 3. e3 Nf6 4. Bd3 c5 5. c3 Bd6 6. Ne5 Nc6 7. f4 h5 8. Nd2 h4 9. Qf3 Nd7
10. Nxd7 Bxd7 11. Qg4 Qf6 12. Nf3 O-O-O 13. Bd2 g6 14. Qg5 Qxg5 15. Nxg5 Rdf8
16. O-O-O f6 17. Nf3 Rfg8 18. g4 e5 19. fxe5 Bxg4 20. Rdf1 Bxf3 21. Rxf3 fxe5
22. dxe5 Nxe5 23. Rf6 Nxd3+ 24. Kc2 Be5 25. Rff1 c4 26. b4 Bc7 0-1